Tratado de botánica / (Record no. 146372)

MARC details
000 -LEADER
campo de control de longitud fija 00874nam a2200253 i 4500
001 - NÚMERO DE CONTROL
campo de control 146372
003 - IDENTIFICADOR DE NÚMERO DE CONTROL
campo de control ES-MaACL
005 - FECHA Y HORA DE LA ÚLTIMA TRANSACCIÓN
campo de control 20250814015824.0
007 - CAMPO FIJO DE DESCRIPCIÓN FÍSICA--INFORMACIÓN GENERAL
campo de control de longitud fija t|
008 - DATOS DE LONGITUD FIJA--INFORMACIÓN GENERAL
campo de control de longitud fija 070907s1986 sp ||||1| spa d
020 ## - NÚMERO INTERNACIONAL ESTÁNDAR DEL LIBRO
Número Internacional Estándar del Libro 84-7102-990-1
080 ## - NÚMERO DE LA CLASIFICACIÓN DECIMAL UNIVERSAL
Número de la Clasificación Decimal Universal 58
245 00 - MENCIÓN DEL TÍTULO
Título Tratado de botánica /
Mención de responsabilidad, etc. redactado inicialmente por E. Strasburger ... [et al.] ; refundido por Dietrich von Denffer ... [et al.].
250 ## - MENCION DE EDICION
Mención de edición 7ª ed. española /
Resto de la mención de edición trad. de la reimp. 1985, por el Dr. Oriol de Bolós.
260 ## - PUBLICACIÓN, DISTRIBUCIÓN, ETC.
Lugar de publicación, distribución, etc. Barcelona :
Nombre del editor, distribuidor, etc. Marín,
Fecha de publicación, distribución, etc. 1986.
300 ## - DESCRIPCIÓN FÍSICA
Extensión XVI, 1098 p., [2] h. de mapas col. :
Otras características físicas il. ;
Dimensiones 25 cm.
504 ## - NOTA DE BIBLIOGRAFÍA, ETC.
Nota de bibliografía, etc. Bibliografía: p. 1047-1078.
650 #7 - PUNTO DE ACCESO ADICIONAL DE MATERIA--TÉRMINO DE MATERIA
Término de materia o nombre geográfico como elemento de entrada Botánica
Fuente del encabezamiento o término embne
9 (RLIN) 10610
700 1# - ENTRADA AGREGADA--NOMBRE PERSONAL
Nombre de persona Strasburger, E.
9 (RLIN) 108375
700 1# - ENTRADA AGREGADA--NOMBRE PERSONAL
Nombre de persona Denffer, Dietrich von.
9 (RLIN) 43687
700 1# - ENTRADA AGREGADA--NOMBRE PERSONAL
Nombre de persona Bolòs, Oriol de.
9 (RLIN) 30002
852 4# - LOCALIZACIÓN
Ubicación ES-MaACL
Número de control de estantería L-11228
Holdings
Estatus retirado Estado de pérdida Estado de daño No para préstamo Biblioteca de origen Biblioteca actual Ubicación en estantería Fecha de adquisición Fuente de adquisición Total de préstamos Signatura topográfica completa Código de barras Visto por última vez Precio de reemplazo Tipo de ítem Koha
        Biblioteca del Ateneo de Madrid Biblioteca del Ateneo de Madrid Depósito 2 17/01/2008     L-11228 1152774 23/02/2023 23/02/2023 Libro impreso